Bollywood Movies by Picture #3 - Statistics

General Stats
  • This quiz has been taken 555 times
  • The average score is 7 of 10
Answer Stats
Picture Answer % Correct
PK
95%
RRR
90%
Devdas
85%
Kal Ho Naa Ho
85%
Pushpa: The Rise
82%
Bajirao Mastani
81%
Sholay
78%
Chhichhore
76%
Maine Pyaar Kiya
50%
Ganga Jumna
2%
No matching quizzes found
Score Distribution
Percent of People with Each Score
Percentile by Number Answered
Your Score History
You have not taken this quiz